000 00234nam a2200097Ia 4500
008 190216s9999||||xx |||||||||||||| ||und||
100 _aVidwan K Prakasham
245 0 _aVyasa Maha Bharatham Vol 2.3.4.6.7
260 _bNull
942 _cBK
999 _c25056
_d25056